Countries in both NATO and EU - Statistics

General Stats
  • This quiz has been taken 44 times
  • The average score is 13 of 23
Answers on the Grid
Answers color-coded by a green-red scale on the quiz's grid according to % correct below.
United Kingdom
Germany
Austria
Netherlands
Belgium
Luxembourg
Ireland
France
Spain
Portugal
Italy
Malta
Greece
Cyprus
Serbia
Turkey
Croatia
Slovenia
Slovakia
Czechia
Hungary
Poland
Lithuania
Latvia
Estonia
Iceland
Norway
Sweden
Denmark
Finland
Romania
Bulgaria
 
Answer Stats
Answer % Correct
Italy
71%
Spain
71%
Germany
65%
Belgium
61%
Denmark
61%
France
61%
Czechia
58%
Netherlands
58%
Poland
58%
Greece
55%
Lithuania
55%
Portugal
55%
Romania
55%
Estonia
52%
Sweden
52%
Bulgaria
48%
Latvia
48%
Luxembourg
48%
Slovenia
48%
Croatia
45%
Hungary
45%
Finland
42%
Slovakia
39%
No matching quizzes found
Score Distribution
Percent of People with Each Score
Percentile by Number Answered
Your Score History
You have not taken this quiz